Science, Technology and Innovations Collection of Scientific Articles from International Scientific Conferences
Gespeichert in:
| Körperschaft: | |
|---|---|
| Weitere Verfasser: | , , |
| Format: | Buch |
| Sprache: | Englisch |
| Veröffentlicht: |
Lisbon
Pegasus Publishing
2019
|
| Ausgabe: | 1st Edition |
| Schlagworte: | |
| Tags: |
Keine Tags, Fügen Sie das erste Tag hinzu!
|
MARC
| LEADER | 00000nam a2200000 4500 | ||
|---|---|---|---|
| 001 | 0259109 | ||
| 005 | 20240221111452.0 | ||
| 020 | |a 978-989-54130-5-9 | ||
| 041 | 0 | |a eng | |
| 044 | |a PT | ||
| 245 | 1 | 0 | |a Science, Technology and Innovations |b Collection of Scientific Articles from International Scientific Conferences |c Editor: S. I. Drobyazko ; Reviewers: Maria Dos-Santos, John C. Crotss |
| 250 | |a 1st Edition | ||
| 264 | 1 | |a Lisbon |b Pegasus Publishing |c 2019 | |
| 300 | |a [132 s.] | ||
| 610 | 2 | 0 | |a veda |
| 610 | 2 | 0 | |a technológia |
| 610 | 2 | 0 | |a inovácia |
| 610 | 2 | 0 | |a vedy spoločenské |
| 610 | 2 | 0 | |a ekonómia |
| 610 | 2 | 0 | |a sektory hospodárske |
| 610 | 2 | 0 | |a hospodárstvo národné |
| 610 | 2 | 0 | |a pomoc humanitárna |
| 610 | 2 | 0 | |a štát |
| 610 | 2 | 0 | |a politika verejná |
| 610 | 2 | 0 | |a zodpovednosť spoločenská |
| 610 | 2 | 0 | |a efektívnosť investícií |
| 610 | 2 | 0 | |a riadenie |
| 610 | 2 | 0 | |a hospodárstvo regionálne |
| 610 | 2 | 0 | |a audit |
| 610 | 2 | 0 | |a metódy matematické |
| 610 | 2 | 0 | |a psychológia |
| 610 | 2 | 0 | |a pedagogika |
| 610 | 2 | 0 | |a sociológia |
| 610 | 2 | 0 | |a veda politická |
| 700 | 1 | |a Drobyazko, S. I. | |
| 700 | 1 | |a Dos-Santos, Maria | |
| 700 | 1 | |a Crotss, John C. | |
| 110 | 2 | |a Science, Technology and Innovations. International Scientific Conferences | |